000 01478cam a2200337 a 4500
001 199289
003 OSt
005 20170105102904.0
008 990513s2000 enk b 001 0 eng
010 _a 99033099
020 _a0521631831 (hbk.)
040 _aDLC
_cDLC
_dDLC
043 _aa-is---
050 0 0 _aKMQ1006.3
_b.S53 2000
082 _a956.9404
_bSHA 2000
100 1 _aShamir, Ronen.
245 1 4 _aThe colonies of law :
_bcolonialism, Zionism, and law in early mandate Palestine /
_cRonen Shamir.
260 _aCambridge, UK ;
_aNew York :
_bCambridge University Press,
_c2000.
300 _axiii, 216 p. ;
_c24 cm.
440 0 _aCambridge studies in law and society
504 _aIncludes bibliographical references (p. 205-212) and index.
650 0 _aLaw
_zPalestine
_xHistory
_y20th century.
650 0 _aJews
_xLegal status, laws, etc.
_zPalestine
_xHistory
_y20th century.
650 0 _aZionism and Judaism.
651 0 _aPalestine
_xPolitics and government
_y1917-1948.
856 4 2 _3Publisher description
_uhttp://www.loc.gov/catdir/description/cam0210/99033099.html
856 4 1 _3Table of contents
_uhttp://www.loc.gov/catdir/toc/cam028/99033099.html
906 _a7
_bcbc
_corignew
_d1
_eocip
_f19
_gy-gencatlg
942 _2ddc
_cBK
999 _c14784
_d14784